Tous les gagnants de la Coupe du Monde de Handball - Statistiques

Statistiques générales
  • Ce quiz a été pris 47 fois
  • Le résultat moyen est 14 sur 28
Statistiques - réponses
Année Pays Hôte Gagnants Score Finalistes % Correct
2023 Pologne & Suède Danemark 34-29 France
84%
2021 Egypte Danemark 26-24 Suède
80%
2015 Qatar France 25-22 Qatar
80%
2017 France France 33-26 Norvège
80%
2019 Allemagne & Danemark Danemark 31-22 Norvège
77%
2011 Suède France 37-35 Danemark
75%
2013 Espagne Espagne 35-19 Danemark
70%
1938 Allemagne Allemagne 17-14 Autriche
68%
2009 Croatie France 24-19 Croatie
68%
2001 France France 28-25 Suède
64%
1954 Suède Suède 17-14 Equipe unifiée d'Allemagne
59%
2007 Allemagne Allemagne 29-24 Pologne
57%
1995 Islande France 23-19 Croatie
52%
1999 Egypte Suède 25-24 Russie
43%
2005 Tunisie Espagne 40-34 Croatie
41%
1978 Danemark Allemagne de l'Ouest 20-19 Union Soviétique
36%
2003 Portugal Croatie 34-31 Allemagne
36%
1958 Allemagne de l'Est Suède 22-12 Tchécoslovaquie
36%
1982 Allemagne de l'Ouest Union Sovietique 30-27 Yougoslavie
36%
1997 Japon Russie 23-21 Suède
32%
1990 Tchécoslovaquie Suède 27-23 Union Soviétique
32%
1967 Suède Tchécoslovaquie 14-11 Danemark
30%
1993 Suède Russie 28-19 France
25%
1986 Suisse Yougoslavie 24-22 Hongrie
25%
1961 Allemagne de l'Ouest Roumanie 9-8 Tchécoslovaquie
23%
1970 France Roumanie 13-12 Allemagne de l'Est
23%
1974 Allemagne de l'Est Roumanie 14-12 Allemagne de l'Est
23%
1964 Tchécoslovaquie Roumanie 25-22 Suède
20%
Aucun quiz correspondant
Distribution des résultats
% des personnes avec chaque résultat
Percentile par nombre de réponses
Votre historique - résultats
Vous n’avez pas pris ce quiz